Rebecca Ferguson Filmography - Statistics

General Stats
  • This quiz has been taken 56 times
    16 since last reset
  • The average score is 18 of 42
Answer Stats
Type Year Name % Correct
Film 2021 Dune
90%
Film 2024 Dune: Part Two
90%
Film 2026 Dune: Part Three
70%
Film 2018 Mission: Impossible - Fallout
70%
Film 2015 Mission: Impossible - Rogue Nation
70%
Film 2017 The Greatest Showman
70%
Film 2019 Doctor Sleep
60%
Film 2026 Mercy
60%
Film 2021 Reminiscence
60%
Film 2026 The Magic Faraway Tree
60%
Documentary Series 2023 Wild Scandinavia
60%
Film 2025 A House of Dynamite
50%
Film 2004 Drowning Ghost
50%
Film 2017 Life
50%
Film 2023 Mission: Impossible - Dead Reckoning: Part One
50%
TV Show 1999-2000 Nya Tider
50%
TV Show 2002-2003 Ocean Ave.
50%
Film 2026 Peaky Blinders: The Immortal Man
50%
Web Series 2023-Present Silo
50%
TV Mini-Series 2013 The White Queen
50%
Film 2019 Cold Night
40%
Film 2016 Despite the Falling Snow
40%
Film 2016 The Girl on the Train
40%
Film 2017 The Snowman
40%
Film 2011 A One-Way Trip to Antibes
30%
Film 2016 Florence Foster Jenkins
30%
Film 2014 Hercules
30%
Film 2019 Men in Black: International
30%
Podcast 2022 Spark Hunter
30%
Film 2019 The Kid Who Would Be King
30%
TV Mini-Series 2014 The Red Tent
30%
Film 2013 Vi
30%
Short Film 2010 Lennart
20%
Short Film 2018 Little Match Girl
20%
Short Film 2010 Puls
20%
TV Pilot 2013 The Vatican
20%
TV Show 2008 Wallander
20%
TV Show 2017 Circus Halligalli
10%
TV Mini-Series 2023 Eurovision Song Contest Liverpool 2023
10%
Short Film 2011 Irresistible
10%
TV Show 2013 The Inspector and the Sea
10%
TV Show 2015 Tonight at the London Palladium
10%
No matching quizzes found
Score Distribution
Percent of People with Each Score
Percentile by Number Answered
Your Score History
You have not taken this quiz since the last reset